000 00600cam a2200205 i 4500
001 36413
005 20230410101617.0
008 070301b1982 cu a 000 0 spa
041 0 _aspa
050 1 4 _a107 TR 654
_bC213c 1982
100 1 _aCañas, Iván,
_d1946-
245 1 3 _aEl cubano de ofrece /
_cIvan Cañas
260 _aLa Habana :
_bEdiciones Unión,
_c1982
300 _a1 v. (unpaged) :
_bchiefly ill., port. ;
_c29 cm.
490 0 _aCuadernos de fotografía.
600 1 0 _aCañas, Iván,
_d1946-
650 0 _aCubans
_xPictorial works.
650 0 _aPhotography
_zCuba.
942 _2lcc
_cbk
999 _c10897
_d10897